|
|
|
|
| LEADER |
00000nta a2200000 i 4500 |
| 001 |
dolg40549 |
| 005 |
20220726093359.0 |
| 008 |
220726s2013 hu om 000 hun d |
| 040 |
|
|
|a BGE Dolgozattár Repozitórium
|b hun
|
| 041 |
|
|
|a hu
|
| 100 |
1 |
|
|a Juhász Gitta Zsófia
|
| 245 |
1 |
0 |
|a Minőségmutatók és javításukra irányuló javaslatok a Gravitás 2000 Gépipari Kft.-ben
|c Juhász Gitta Zsófia
|h [elektronikus dokumentum]
|
| 260 |
|
|
|c 2013
|
| 695 |
|
|
|a Minőségmenedzsment
|
| 695 |
|
|
|a Mionőségpolitika
|
| 700 |
1 |
|
|a Nincs adat Nincs adat
|e ths
|
| 856 |
4 |
0 |
|u http://dolgozattar.uni-bge.hu/40549/1/D_16384_FEU92A%20-%20Juh%C3%A1sz%20Gitta%20Zs%C3%B3fia.pdf
|z Dokumentum-elérés
|